Programa de religión para niños y jóvenes con retardo mental
Na minha lista:
| Autor principal: | |
|---|---|
| Formato: | Livro |
| Idioma: | espanhol |
| Publicado em: |
Santiago
Comisión Nacional de Catequesis
1990
|
| Assuntos: | |
| Tags: |
Adicionar Tag
Sem tags, seja o primeiro a adicionar uma tag!
|
MARC
| LEADER | 00000nam a2200000 a 4500 | ||
|---|---|---|---|
| 001 | UCX2629 | ||
| 003 | CL-VaPUC | ||
| 008 | 910715e19900000CL |||||||||||||||||spa|d | ||
| 082 | 0 | 4 | |a 371.928 |b POR |2 21 |
| 100 | 0 | |a Porras Zúñiga, Lucila Angélica |e author |9 318662 | |
| 245 | 1 | 0 | |a Programa de religión para niños y jóvenes con retardo mental |
| 300 | |a 38 p | ||
| 942 | |c BK | ||
| 945 | |d 19910715 00:00:00 | ||
| 260 | |a Santiago |b Comisión Nacional de Catequesis |c 1990 | ||
| 650 | 0 | |a Educación religiosa |9 308312 | |
| 650 | 0 | |a Métodos de enseñanza |9 270413 | |
| 650 | 7 | |a NIÑOS IMPEDIDOS |2 CL-VaPUC |9 309741 | |
| 650 | 7 | |a DISFUNCION CEREBRAL MINIMA |2 CL-VaPUC |9 318663 | |
| 583 | |a last modification |c 20170828 01:36:35 |k Rodrigo Vera | ||
| 999 | |c 223609 |d 223607 | ||
| 952 | |0 0 |1 0 |4 0 |6 371_928000000000000_POR_1990 |7 0 |8 A |9 219595 |a BIBTEO |b BIBTEO |d 2019-11-15 |i 2882868 |o 371.928 POR 1990 |p 2882868 |r 2025-01-17 |w 2019-11-15 |y BK |k ICR | ||